Crazy Geography Sudden Death Quiz - Statistics

General Stats
  • This quiz has been taken 224 times
  • The average score is 9 of 25
Answers on the Grid
Answers color-coded by a green-red scale on the quiz's grid according to % correct below.
Laos
Uzbekistan
Turkmenistan
Togo
Mauritania
Guinea
Zambia
Zimbabwe
Algeria
Madagascar
Paraguay
Eritrea
Greece
Finland
Latvia
Portugal
Mali
Spain
Azerbaijan
San Marino
South Korea
Lesotho
Chad
Iraq
Liechtenstein
Austria
Switzerland
Philippines
Gabon
Japan
Tajikistan
Russia
Tunisia
China
Germany
Luxembourg
Namibia
Uruguay
Belize
Canada
Trinidad and Tobago
Bosnia and Herzegovina
Sierra Leone
Somalia
Mozambique
Nauru
Grenada
New Zealand
Vietnam
Bangladesh
 
Answer Stats
Answer % Correct
Zimbabwe
69%
Iraq
68%
Mali
64%
Zambia
63%
Laos
62%
Chad
61%
Togo
61%
Algeria
41%
Greece
39%
Liechtenstein
35%
San Marino
34%
Lesotho
31%
Turkmenistan
31%
Paraguay
29%
Uzbekistan
29%
Madagascar
28%
Mauritania
28%
Spain
21%
Eritrea
20%
Azerbaijan
18%
Canada
18%
Portugal
16%
Latvia
15%
Finland
14%
Guinea
10%
No matching quizzes found
Score Distribution
Percent of People with Each Score
Percentile by Number Answered
Your Score History
You have not taken this quiz